000 02565cam a22004334i 4500
003 PE-LiUPU
005 20250731183401.0
008 17082 s2006 sp a r 000 0 spa d
020 _a8496263452
020 _a9788496263451
035 _a(Sirsi) a238130
040 _aPE-LiUPU
_bspa
_cPE-LiUPU
_erda
049 _aPRUA
082 0 4 _a728.3
_bB84
_220
100 1 _aBroto, Carles,
_eautor.
245 1 0 _aNuevos conceptos casas de diseño /
_cCarles Broto.
246 1 4 _aVIviendas :
_bnuevos conceptos
246 1 8 _aNuevos conceptos en diseño de viviendas
264 1 _aBarcelona, España :
_bStructure,
_c2006.
300 _a359 páginas :
_bilustraciones ;
_c31 centimetros
336 _atext
_2rdacontent
337 _aunmediated
_2rdamedia
338 _avolume
_2rdacarrier
505 0 _aIntroductión -- Casa en dezaifu -- Residencia teng -- Northamptonshire shack -- Apartamentos vaight -- Casa carter / tucker -- Casa de mittermayer -- 3 casas unifamiliares -- Casa urbana en flendres -- Casa bom Jesús -- Plano + casa -- Apartamento en estocolmo -- Casa en club row london -- Casa mach -- Vivienda unifamiliar en leffe -- Monocoque wohnung schretter -- Casa papel -- Embarcadero -- Residencia byme -- Casa vos -- Casa shigemi -- Casa nadolny -- Casa iwal -- Casa viesel -- La casa hinsbrunner -- Casa de nicola -- Casa lee -- Casa barnes -- Pabelloón de guarda -- Residencia Hakuei -- Apartamento faggionato -- Casa en seitweg -- Casa argentona -- Casa aura -- Casa en santo domingo -- Residencia blades -- Casa del Dr. Shank -- Casa doble en utrecht -- Residencia lan / stolz -- Casa kraan lang -- Casa en un garage -- Casa verhaeghe -- Casa particular -- Casa I -- Casa MR -- Casa marico -- Casa ugarte -- Casa montagnola -- Casa suave y peluda.
526 _aP158
526 _aP146
526 _aP17
526 _aP12
526 _aP06
650 0 4 _aArquitectura doméstica
_vDiseños y planos.
650 0 4 _aArquitectura moderna.
910 _ajck
_bjvq
_cjpc
_d2017082
942 _2ddc
_cBOOK
949 _a728.3 B84
_wDEWEY
_c1
_i76308
_lCATALOGING
_mBUL
_p70.00
_r0
_sY
_tBOOK
_u2017-08-2
_xINGENIERIA
_PP06
_0COMPRA
_o.STAFF. Colección Ingeniería y Arquitectura
994 _aC0
_bPEPRU
596 _a1
999 _a728.3 B84
_wDEWEY
_c24841
_i76308
_d24841
_e2018-9-13
_f2021-11-10
_g4
_lCCODEBUL1
_mBUL
_n2
_p70.00
_q2
_r0
_sY
_tBOOK
_u2017-8-2
_xINGENIERIA
_PP06
_0COMPRA
_o.STAFF. Colección Ingeniería y Arquitectura
980 _81
_gALBERTO SANCHEZ Responsable de Automatización